000 00442nam a22001817a 4500
003 koha_MIRAKIL
005 20231213095552.0
008 231213b |||||||| |||| 00| 0 ||| d
020 _b978-9-75100135-1
040 _aTR-IsEVY
_btur
_cTR-IsEVY
082 _a810 GÜN/Y
100 _aGÜNTEKİN, REŞAT NURİ.
245 0 _aYAPRAK DÖKÜMÜ.
260 _bİnkılap,
300 _a141.
650 _aTürk Edebiyatı.
942 _2ddc
_cBK
999 _c5829
_d5829